Náhrada škody

Potreba predchádzania škôd na majetku a zdraví všetkých účastníkov pracovnoprávneho vzťahu. V rámci všeobecnej prevencie majú povinnosti zamestnanci aj zamestnávatelia. Problematika zodpovednosti za škodu a otázky jej náhrady.

Saved in:
Bibliographic Details
Main Author: Jendrálová, Anna
Format: Book Chapter
Language:Slovak
Subjects:
Tags: Add Tag
No Tags, Be the first to tag this record!

MARC

LEADER 00000naa a2200000 4500
001 r033784
005 20230922130946.3
041 0 |a slo 
044 |a SK 
245 1 0 |a Náhrada škody  |c Anna Jendrálová 
520 |a Potreba predchádzania škôd na majetku a zdraví všetkých účastníkov pracovnoprávneho vzťahu. V rámci všeobecnej prevencie majú povinnosti zamestnanci aj zamestnávatelia. Problematika zodpovednosti za škodu a otázky jej náhrady. 
610 2 0 |a náhrada škody 
610 2 0 |a prevencia 
610 2 0 |a zamestnanci 
610 2 0 |a zamestnávatelia 
610 2 0 |a škody 
610 2 0 |a zodpovednosť za škody 
100 1 |a Jendrálová, Anna